| 000 | 00550nam a2200181 i 4500 | ||
|---|---|---|---|
| 001 | 19144 | ||
| 003 | ES-MaACL | ||
| 005 | 20230906152017.0 | ||
| 007 | t| | ||
| 008 | 020624s1999 sp aco |||| | spa d | ||
| 080 | _a930.9"19"(084) | ||
| 245 | 0 | 0 | _aHistoria gráfica universal del siglo XX. |
| 260 |
_a[Madrid] : _bPrensa Española, _c[1999] |
||
| 300 |
_a192 p. : _bil. col. ; _c31 cm. |
||
| 594 | _aEn port.: Argentaria, ABC, Blanco y Negro. | ||
| 650 | 1 | 4 |
_aHistoria contemporánea- _yS.XX- _vObras ilustradas. _913399 |
| 852 |
_aES-MaACL _jL-25572 |
||
| 999 |
_c19144 _d19144 |
||